| 000 | 00511nam a2200169 i 4500 | ||
|---|---|---|---|
| 001 | 88388 | ||
| 003 | ES-MaACL | ||
| 005 | 20230906175842.0 | ||
| 007 | t| | ||
| 008 | 050104s1959 sp ||||1| spa d | ||
| 100 | 1 |
_aLaird, Donald A. _969700 |
|
| 245 | 1 | 0 |
_aPsicologĂa práctica de los negocios / _cpor Donald A. Laird, Eleanor C. Larid. |
| 260 |
_aBarcelona : _bOmega, _c[1959] ( _fAriel) |
||
| 300 |
_a520 p. : _bil. ; _c22 cm. |
||
| 700 | 1 |
_aLaird, Eleanor C. _969701 |
|
| 852 |
_aES-MaACL _jC-17220 _bR.44903 |
||
| 999 |
_c88388 _d88388 |
||